Alfabetización informática : proyecto pedagógico con modalidad a distanciapara terminalidad de estudios de egb y educación polimodal editep /

Guardado en:
Autor Principal: Arancibia, Omar
Otros Autores: Osimani, Javier
Formato: Libro
Publicado: Menoza : Ediunc, 2004
Series:Trayectos cognitivos ; 7
Materias:
Etiquetas: Agregar Etiqueta
Sin Etiquetas, Sea el primero en etiquetar este registro!
LEADER 00843nam a22002655a 4500
001 CEM.cems014176
008 130507s2004##################000#0#####d
005 20210804190808.0
003 CEMS
245 1 0 |a Alfabetización informática :  |b proyecto pedagógico con modalidad a distanciapara terminalidad de estudios de egb y educación polimodal editep /  |c Omar Arancibia y Javier Osimani 
260 |a Menoza :  |b Ediunc,  |c 2004 
300 |a 69 p. 
490 0 |a Trayectos cognitivos ; 7 
590 |a 1219.013 
020 |a 9503901685 
100 1 |a Arancibia, Omar 
700 1 |a Osimani, Javier 
653 |a Informática 
653 |a Computación 
653 |a Sistema operativo 
653 |a Software 
653 |a Procesador de textos 
653 |a Internet 
653 |a Biblioteca TC 
859 |a CEMS  |b BIB. CEMS - 11 de abril  |h TC  |p 1219.013  |t Ej.1